000 00392nam a2200169Ia 4500
008 230524s9999 xx 000 0 und d
020 _a01956675851
082 _a658.55
_bAPT
100 _aGovind Apte
245 0 _aServices Marketing
250 _aIST
260 _aNEW DELHI
_bOxford
_c2006
300 _aXI;437
500 _aQuantity Number: 4
650 _aManagement
942 _cBK
999 _c45085
_d45085